1103 1340 1544 1233 1728 1281 1590 1122 1119 1086 1804 1584 1308 1218 1219 1761 1008 1289 1775 1627 1582 1498 1907 1105 1744 1471 1759 1142 1724 1561 1762 1267 1423 1323 1079 1701 1859 1835 1819 1791 1130 1110 1317 1958 1612 1985 1841 1144 1808 1461 1417 1549 1361 1040 1322 1744 1093 1343 1105 1452 1819 1091 1688 1923 1703 1383 1546 1395 1315 1087 1267 1091 1685 1773 1736 1508 1662 1213 1835 1847 1520 1657 1162 1974 1488 1115 1893 1117 1642 1367 1115 1933 1474 1127 1282 1845 1203 1868 1555 BCNSPRNW ULIB Ver.6.0+V

เปลี่ยนเป็นภาษาไทย

Change to English
 แสดงรายละเอียดบรรณานุกรม
  กลับหน้าหลัก

Brief Record : Get Marc (ISO 2709) : E-mail record : QR code < ปิดหน้าต่าง
LEADER : 00000nam 2200000uu 4500
001    13399111719
003     ULIB
008    110707s2554||||th 000 0 tha d
024    9786165001489
090    นว.^bอ334ว 2554
100 0  อรพิม
245 00 วิญญาณป่วนรัก/^cอรพิม
260    กรุงเทพฯ :^bพิมพ์คำ,^c2554
300    414 หน้า
945    ^p250^l0^i18287
995     เกษร
999     ^aใช้งานได้ทุกระบบ
รายการนี้ยังไม่มีแท็ก
คุณยังไม่ได้ล็อกอิน คุณสามารถมีกิจกรรมร่วมกับเว็บไซต์ได้ แต่ต้องล็อกอินก่อน ::
  ล็อกอิน

รายการสื่อสารสนเทศ

ลำดับที่ ประเภท เลขเรียก/บาร์โค้ด สถานที่ สถานะ
1. วิทยาศาสตร์การแพทย์ และสุขภาพ
วิทยาศาสตร์การแพทย์ และสุขภาพ
นว. อ334ว 2554  
  Barcode: 18287
ห้องสมุดวิทยาเขตสวรรค์ประชารักษ์
►นวนิยาย
บนชั้น
  ขอยืม

รายการใกล้เคียง
    ผู้แต่ง [อรพิม]

BibComment


ยังไม่เคยถูกคอมเมนท์

คอมเมนท์ทรัพยากรรายการนี้
  คอมเมนท์: วิญญาณป่วนรัก อรพิม


 Copyright 2026. Bcnsprnw @Library